Photo Quiz: Musicians Named Bill or Billy - Statistics

General Stats
  • This quiz has been taken 108 times
  • The average score is 7 of 20
Answer Stats
Picture Hint Answer % Correct
UK Punk/New Wave 70's/80's Billy Idol
91%
US Pop 70's/80's Billy Joel
83%
US Rock'n'Roll 1950's Bill Haley
70%
US Punk 80's/90's/00's Billie Joe Armstrong
65%
US Soul 70's/80's Bill Withers
64%
US Alt Rock 90's Billy Corgan
59%
UK Rock 60's/70's/80's Bill Wyman
57%
Trinidad/UK Pop 70's/80's Billy Ocean
52%
US Rock 70's/80's Billy Gibbons
47%
UK Indie 80's/90's Billy Bragg
35%
US Soul (60's-80's) Billy Preston
32%
US Pop/Rock 60's-80's Bill Medley
22%
UK Rock'n'Roll/Pop Ballad 60's Billy Fury
20%
US Soul 70's Billy Paul
16%
UK New Wave 80's Billy Mackenzie
10%
UK Indie/Garage Punk Wild Billy Childish
9%
UK Rock/Experimental 70's/80's Bill Nelson
7%
UK 80's Goth/Rock Billy Duffy
5%
US Jazz/Swing & Motown Vocalist 40's/50's/60's Billy Eckstine
1%
UK 70's Rock/Pop Billy Bremner
0%
No matching quizzes found
Score Distribution
Percent of People with Each Score
Percentile by Number Answered
Your Score History
You have not taken this quiz